| 000 -LEADER |
| fixed length control field |
02388 a2200193 4500 |
| 008 - FIXED-LENGTH DATA ELEMENTS--GENERAL INFORMATION |
| fixed length control field |
230621b ||||| |||| 00| 0 eng d |
| 020 ## - INTERNATIONAL STANDARD BOOK NUMBER |
| International Standard Book Number |
9780367364632 |
| Terms of availability |
GBP48.99 |
| 041 0# - LANGUAGE CODE |
| Language code of text/sound track or separate title |
eng |
| 082 00 - DEWEY DECIMAL CLASSIFICATION NUMBER |
| Classification number |
388.01 |
| Item number |
R6961 |
| 100 ## - MAIN ENTRY--PERSONAL NAME |
| Personal name |
Rodrigue, Jean-Paul |
| 9 (RLIN) |
5514 |
| 245 ## - TITLE STATEMENT |
| Title |
The Geography of Transport Systems / |
| 250 ## - EDITION STATEMENT |
| Edition statement |
5th ed. |
| 260 ## - PUBLICATION, DISTRIBUTION, ETC. (IMPRINT) |
| Place of publication, distribution, etc |
New York: |
| Name of publisher, distributor, etc |
Routledge, |
| Date of publication, distribution, etc |
2020. |
| 300 ## - PHYSICAL DESCRIPTION |
| Extent |
xii, 468 p. : |
| Other physical details |
ill. ; |
| Dimensions |
25 cm |
| 505 0# - FORMATTED CONTENTS NOTE |
| Formatted contents note |
1. Transportation and Geography<br/><br/>2. Transportation and the Spatial Structure<br/><br/>3. Transportation, Economy and Society<br/><br/>4. Transport, Energy and Environment<br/><br/>5. Transportation Modes<br/><br/>6. Transportation Terminals<br/><br/>7. Trade, Logistics and Freight Distribution<br/><br/>8. Urban Transportation<br/><br/>9. Transport Planning and Policy<br/><br/>10. Methods in Transport Geography<br/><br/>Conclusion: Challenges for Transport Geography |
| 520 ## - SUMMARY, ETC. |
| Summary, etc |
This expanded and revised fifth edition of The Geography of Transport Systems provides a comprehensive and accessible introduction to the field with a broad overview of its concepts, methods and areas of application. Aimed mainly at an undergraduate audience, it provides an overview of the spatial aspects of transportation and focuses on how the mobility of passengers and freight is linked with geography.<br/><br/>The book is divided into ten chapters, each covering a specific conceptual dimension, including networks, modes, terminals, freight transportation, urban transportation and environmental impacts, and updated with the latest information available. The fifth edition offer new and updated material on information technologies and mobility, e-commerce, transport and the economy, mobility and society, supply chains, security, pandemics, energy and the environment and climate change. With over 140 updated figures and maps, The Geography of Transport Systems presents transportation systems at different scales ranging from global to local.<br/><br/>This volume is an essential resource for undergraduates studying transport geography, as well as those interested in economic and urban geography, transport planning and engineering. A companion web site, which contains additional material such as photographs, maps, figures and PowerPoint presentations, has been developed for the book and can be found here: https://transportgeography.org/ |
| 650 #0 - SUBJECT ADDED ENTRY--TOPICAL TERM |
| Topical term or geographic name as entry element |
Transportation Geography |
| 942 ## - ADDED ENTRY ELEMENTS (KOHA) |
| Source of classification or shelving scheme |
|
| Item type |
Books |